Testovanie vlastného accounting modelu na vybranej vzorke podnikov farmaceutického a oceliarskeho priemyslu v SR
Výpočet beta koeficientu s využitím dostupných účtovných parametrov aplikovaných vo vlastnom accounting modeli. Testovanie vybraných finančných ukazovateľov vlastného accounting modelu za účelom stanovenia hodnoty beta koeficientu (stanovenia systematického rizika) vybraných podnikov farmaceutického...
Guardado en:
| Autor principal: | |
|---|---|
| Otros Autores: | , |
| Formato: | Capítulo de libro |
| Lenguaje: | eslovaco |
| Materias: | |
| Etiquetas: |
Sin Etiquetas, Sea el primero en etiquetar este registro!
|
MARC
| LEADER | 00000nla a2200000 4500 | ||
|---|---|---|---|
| 001 | 0229821 | ||
| 005 | 20240524072206.7 | ||
| 041 | 0 | |a slo | |
| 044 | |a SK | ||
| 245 | 1 | 0 | |a Testovanie vlastného accounting modelu na vybranej vzorke podnikov farmaceutického a oceliarskeho priemyslu v SR |c Helena Majdúchová, Daniela Rybárová, Bernadeta Siváková |
| 520 | |a Výpočet beta koeficientu s využitím dostupných účtovných parametrov aplikovaných vo vlastnom accounting modeli. Testovanie vybraných finančných ukazovateľov vlastného accounting modelu za účelom stanovenia hodnoty beta koeficientu (stanovenia systematického rizika) vybraných podnikov farmaceutického a oceliarskeho priemyslu SR a komparácia dosiahnutých výsledkov s verejne dostupnými hodnotami beta koeficientu. | ||
| 610 | 2 | 0 | |a priemysel farmaceutický |
| 610 | 2 | 0 | |a modely regresné |
| 610 | 2 | 0 | |a ukazovatele finančné |
| 610 | 2 | 0 | |a testovanie hypotéz |
| 610 | 2 | 0 | |a riziko podnikateľské |
| 100 | 1 | |a Majdúchová, Helena, 1963- | |
| 700 | 1 | |a Rybárová, Daniela, 1967- | |
| 700 | 1 | |a Siváková, Bernadeta | |